000 00652nam a2200241Ia 4500
003 OSt
005 20221006164755.0
006 a|||||r|||| 00| 0
007 ta
008 221006b |||||||| |||| 00| 0 eng d
024 _a1,430
037 _cTextual
040 _aFML
_cFML
_beng
041 _2eng
_aeng
082 _aY7, J7
100 _aMadan T N Au.
_9678285
245 0 _aAn Introduction to Social Anthropology
260 _aMumbai
_bAsia Publishing House
_c1957
300 _a304
_ccm.
700 _a Majumdar D N Au.
_9678286
942 _hY7, J7
_cTEXL
_2CC
999 _c1118417
_d1118417